[Event "Centelles op B"]
[Site "Centelles"]
[Date "1996.10.26"]
[Round "8"]
[White "Capella Baladas, Pere"]
[Black "Trujillo Garcia, Josefina"]
[Result "0-1"]
[WhiteElo "1885"]
[BlackElo "1805"]
[PlyCount "76"]
[EventDate "1996.09.07"]
[EventType "swiss"]
[EventRounds "8"]
[EventCountry "ESP"]
[SourceTitle "EXT 2003"]
[Source "ChessBase"]
[SourceDate "2002.11.25"]
[SourceVersion "1"]
[SourceVersionDate "2002.11.25"]
[SourceQuality "1"]

1. d4 Nf6 2. Nf3 g6 3. Bg5 Bg7 4. e3 0-0 5. Bd3 d6 6. Nbd2 Nbd7 7. 0-0 h6 8. Bh4 a6 9. e4 e5 10. Re1 exd4 11. Nxd4 Ne5 12. Be2 Bd7 13. h3 Qe7 14. f4 Nc6 15. Nxc6 Bxc6 16. Bd3 Qd7 17. Nf3 Nh5 18. Qc1 Rae8 19. g4 Nf6 20. Bxf6 Bxf6 21. f5 Kg7 22. g5 hxg5 23. Nxg5 Bd4+ 24. Kg2 Qxf5 25. Rf1 Qd7 26. Qf4 Be5 27. Qh4 Rh8 28. Qe1 f6 29. Bc4 d5 30. exd5 Bxd5+ 31. Bxd5 Qxd5+ 32. Ne4 Bxb2 33. Rd1 Qc6 34. Qb4 Rxe4 35. Rd7+ Qxd7 36. Qxe4 Qxh3+ 37. Kf2 Qh4+ 38. Kf3 Qxe4+ 0-1

[Event "Centelles op B"]
[Site "Centelles"]
[Date "1996.10.05"]
[Round "5"]
[White "Francas Busquets, Joan"]
[Black "Trujillo Garcia, Josefina"]
[Result "0-1"]
[WhiteElo "1880"]
[BlackElo "1805"]
[PlyCount "70"]
[EventDate "1996.09.07"]
[EventType "swiss"]
[EventRounds "8"]
[EventCountry "ESP"]
[SourceTitle "EXT 2003"]
[Source "ChessBase"]
[SourceDate "2002.11.25"]
[SourceVersion "1"]
[SourceVersionDate "2002.11.25"]
[SourceQuality "1"]

1. e4 e6 2. d4 d5 3. exd5 exd5 4. Nc3 Nf6 5. Bg5 Be6 6. Nf3 h6 7. Bh4 c5 8. Bb5+ Nc6 9. 0-0 Be7 10. Ne5 Qc7 11. Bg3 Bd6 12. dxc5 Bxe5 13. Bxe5 Qxe5 14. Re1 Qc7 15. Qf3 0-0 16. a3 Nd4 17. Qd3 Qxc5 18. Rad1 Nxb5 19. Qxb5 Qc6 20. Qd3 a6 21. Ne2 Rad8 22. Nd4 Qb6 23. b4 Rfe8 24. f3 Nd7 25. c3 Nb8 26. Kh1 Nc6 27. Re2 Nxd4 28. cxd4 Bd7 29. Rc2 Bb5 30. Qb3 Re2 31. Rxe2 Bxe2 32. Rd2 Bc4 33. Qe3 Qe6 34. Qe5 Re8 35. f4 Qd7 0-1